000 00410nam a2200157Ia 4500
008 180921t1976 xxu||||| |||| 00| 0 eng d
041 _aeng
080 _a572.9(=96)
_bBUS
245 4 _aThe bushmen
260 _bSouth african museum
_c1976
300 _a38p., ill., 24 cm
650 _aAborigine
_aAfrica
_aAnthropology
_aAfrica
942 _cBK
999 _c13702
_d13702
003 LK-CoDNM
040 _aLK-CoDNM
_dLK-CoDNM
_eLK-CoDNM